Responses for Show #3634 - Thursday, May 25, 2000

Contestants

[<< previous game]

Carly Sporer, a high school English teacher from San Diego, California

Larry Bigman, a psychiatrist from Orinda, California

Mike Andrews, a writer originally from Detroit, Michigan (whose 2-day cash winnings total $15,901)

[next game >>]

Jeopardy! Round responses

AMERICANA
SPORTS SUPERSTARS
SMITH, JOHN SMITH
CULINARY COMMON BONDS
BEADS
SIMON SAYS
(Alex: And you have to identify the Simon who is quoted in each of these clues.)
    $100 7
(Mike: What is Nashville?)

Sacramento

MikeLarry
    $100 15
(Mike: Who is Stan Musial?)

Roger Maris

MikeLarry
    $100 12
Captain

Carly
    $100 6
(Mike: What are cuts of meat?)
(Alex: Be more specific.)
(Mike: Cuts of steak?)

cuts of beef

MikeLarry
    $100 23
a tire

Larry
    $100 1
(Mike: Who is Paul Simon?)

Neil Simon

Mike
Triple Stumper
    $200 8
(Mike: What is [**]?)
[Originally ruled incorrect; reversed after first break "because part of the northwest corner of [**] touches Tennessee"]

Georgia (North Carolina accepted)

MikeLarry
    $200 17
John Elway

Carly
    $200 13
(Mike: What is the Massachusetts Bay Colony?)
(Carly: What is Virginia... West Virginia?)
(Larry: What is Roanoke?)

Jamestown

MikeLarryCarly
Triple Stumper
    $200 14
peas

Mike
    $200 24
an abacus

Mike
    $200 2
(Alex: Now's the time for it--redemption!)

Paul Simon

Mike
    $300 9
New Haven

Carly
    $300 20
Hakeem Olajuwon

Mike
    $300 16
sandwiches

Mike
    $300 3
Senator Paul Simon

Mike
    $400 10
(Larry: What is Rhode Island?)
(Carly: What is Delaware?)

South Carolina

LarryCarly
Triple Stumper
    $400 21
(Alex: With a minute to go.)

the Tour de France

Larry
    $400 18
(Mike: What are sausages?)
(Alex: Be more specific.)
(Mike: Italian sausages?)

salamis

MikeCarly
    $400 26
[The end-of-round signal sounds.]

glass

Carly
    $400 4
Simon Legree (from Uncle Tom's Cabin)

Larry
    $500 11
White Plains

Triple Stumper
    $500 22
Mario Lemieux

Mike
    $500 19
hams

Mike
    $700 25
the sun (during an eclipse)

Mike
    $500 5
Simon Bolivar

Carly

Scores at the first commercial break (after clue 13):

Mike Larry Carly
$200 $200 $300

Scores at the end of the Jeopardy! Round:

Mike Larry Carly
$2,400 $800 $1,300

Double Jeopardy! Round responses

GREECE IS THE WORD
MOVIE ACTORS
COLLEGES & UNIVERSITIES
WRITERS
HELLO KITTY
BEFORE & AFTER
    $200 26
king (did away with the monarchy)

Carly
    $200 13
Becky Thatcher

Mike
    $200 19
Notre Dame

Carly
    $200 8
Truman Capote

Larry
    $200 3
Manx

Mike
    $200 20
There's Something About Mary Todd Lincoln

Mike
    $400 12
(Carly: What is Wall Street?)

Platoon

LarryCarly
    $400 25
Vassar

Mike
    $400 10
Izaak Walton

Triple Stumper
    $400 4
ears

Mike
    $400 21
Santa Monica Lewinsky

Mike
    $600 9
Dangerous Liaisons

Carly
    $600 17
Ohio

Carly
    $600 11
Arthur Hailey

Larry
    $600 5
Persian

Mike
    $600 22
"Hey Jude Law"

Carly
    $800 2
Russell Crowe

Mike
    $800 16
Cyclones

Triple Stumper
    $1,000 14
(Mike: Let's just go $1000.)
(Alex: Unless the writer is a cat!)

the Boer War

Mike
    $2,400 6
(Alex: You know your cats!)

Siamese

Mike
    $800 23
(Alex: Less than a minute to go.)

"The Empire State of Emergency"

Mike
    $1000 27
(Larry: What is Crete?)
...
[The end-of-round signal sounds.]

Samothrace

Larry
Triple Stumper
    $1000 1
Yvonne De Carlo

Larry
    $1000 18
(Carly: What is Portland?)

Salem (Oregon)

MikeCarly
    $1000 15
Boris Pasternak

Larry
    $1000 7
(Alex: Do you own cats?)
(Mike: I'm just a big cat aficionado.)
(Alex: Absolutely, and it paid off for you!)

Sphynx

Mike
    $1000 24
Fathers and Sons of the Pioneers

Triple Stumper

Scores at the end of the Double Jeopardy! Round:

Mike Larry Carly
$11,800 $3,000 $2,100
(lock game)

[wagering suggestions for these scores]

Final Jeopardy! Round responses

SOCIAL SCIENCE
CarlyWhat are languages?
$2,005
LarryWhat are pygmies?
$1,201
MikeWhat are languages?
$1,800
Languages

Final scores:

Mike Larry Carly
$13,600 $1,799 $4,105
3-day champion: $29,501 3rd place: The American Historic Society Gift Certificate 2nd place: Trip to Grand Lido Braco Resort, Jamaica

Game dynamics:

Coryat scores:

Mike Larry Carly
$9,800 $3,000 $2,100
23 R
(including 3 DDs),
6 W
12 R,
3 W
11 R,
4 W

Combined Coryat: $14,900

[game clues] [game scores] [suggest correction]

Game tape date: Unknown
The J! Archive is created by fans, for fans. Scraping, republication, monetization, and malicious use prohibited; this site may use cookies and collect identifying information. See terms. The Jeopardy! game show and all elements thereof, including but not limited to copyright and trademark thereto, are the property of Jeopardy Productions, Inc. and are protected under law. This website is not affiliated with, sponsored by, or operated by Jeopardy Productions, Inc. Join the discussion at JBoard.tv.